MDQL
is popping MORE tags! Check the
thread
!
Quizzes
Events
Quiz Creation
Community
Videos
Private Events
Remove Ads
Sign In
Join for FREE
Feedback
Dark Mode
Quiz Categories
Sports
Geography
Music
Movies
Television
Just For Fun
Miscellaneous
History
Literature
Language
Science
Gaming
Entertainment
Religion
Holiday
For Kids
Quiz Lab
Recent
Popular Today
Quiz Kudos Today
Editor Picks
Curator Picks
Quizzes by...
Day
Popularity
Type
Ratings
Length
Year
Community
Subscriptions
Recent Discussions
Orange Saloon
Badges
Playlists
Quests
Create
Leaderboards
Showdown
Live 5
Trivia Bingo
Activity
Puzzle Library
Sporcle Events
Private Events
Virtual Trivia
Globe League
Become a Host
Pub Owners
SporcleCon
Opinionation
Our Games
Videos
Blog
Mobile Apps
Partnerships
Remove Ads and Go Orange
Feedback
Science
Computer
Plants
Astronomy
Chemistry
Elements
Math
Animal
Physics
Anatomy
Biology
Geology
General Science
Science
Computer
Plants
Astronomy
Chemistry
Elements
Math
Animal
Physics
Anatomy
Biology
Geology
General Science
Random Quiz
Search Sporcle
×
Quiz Lab
Quiz Lab
Science
Clickable
Select answers by clicking on text or image buttons
Select answers by clicking on text or image buttons
Clickable
Best Score? Go Orange.
Penny for your thoughts Stats
Quiz yo self before you wreck yo self
By
MrEvangelista
20m
80 Questions
792 Plays
792 Plays
792 Plays
Comments
Comments
Give Quiz Kudos
Give Quiz Kudos
-
- Ratings
hide this ad
Forced Order
Answers have to be entered in order
Answers have to be entered in order
Replay
Link that replays current quiz
Next Quiz
Link to next quiz in quiz playlist
You Got
0%
They Got
Avg Score
28%
Avg Friend Score
Upgrade to see
Score Distribution
Jump to the score distribution portion of the page
Score
0/80
Timer
20:00
0
Plays Today
% Correct
Pizza
51.1%
Ground
49.7%
Drop Tops
49.5%
Yourosis
48.7%
Drank
48.4%
Spermatogenesis
47.2%
Oogenesis
47%
Surface Area to Volume
45.7%
Binary Fission
45.7%
Amino Acids
44.8%
Animal Cell
44.4%
Apoptosis
44.1%
UAA, UAG, UGA
43.9%
Transcription
43.7%
RNA
43.6%
Mutation
43.4%
Nuclear Pore
43.2%
mutagen
42.5%
Somatic Cell
42.3%
Crossing Over
42.3%
Allele
42.3%
Chromatid
41.7%
Chromatin
41.5%
Anaphase 2
41.5%
Frameshift mutation
41.2%
Rough ER
41.2%
AUG
41.2%
Differentiate
40.9%
Uracil
40.9%
OH
40.9%
Central Dogma
40.7%
Metastasize
40.7%
Diploid
40.7%
Cytoplasm
40.5%
Centromere
40.4%
Nucleus
40.2%
Totipotent
40.2%
Anaphase 1
40.2%
Histones
40.1%
Codon
39.9%
% Correct
Metaphase 1
39.6%
Translation
39.6%
Interphase
39.1%
Haploid
39.1%
Centrosome
38.8%
Telophase
38.6%
Prokaryotes
38.3%
methyl guanosine cap
38.3%
poly A tail
37.8%
Metaphase 2
37.3%
Excise
37.2%
Silent
36.9%
Cyclins
36.7%
Prophase 1
36.7%
messenger RNA
35.3%
Anticodon
34.1%
Prometaphase
33.9%
Anaphase
33.9%
Hox gene
33.8%
Antisense
32.5%
Intron
32.2%
Polypeptide
31.8%
Splice
31.8%
polyploidy
31.7%
Missense
31.7%
operator
31.6%
Nucleosome
31%
Independent Assortment
31%
S-Phase
30.4%
Nonsense
30.2%
G1
29.8%
transfer RNA
28.1%
Promoter
27.8%
RNA Polymerase
27.6%
Point mutation
27.4%
RNA interference
26.3%
Methionine
25.8%
TATA box
24.9%
Exon
17.7%
ribosome
17.5%
Quiz Playlist
Details
Report
Send in Message
Add To Playlist
Clickable:
Select answers by clicking on text or image buttons
Forced Order:
Answers have to be entered in order
Last Updated: Feb 16, 2017
Quiz Scoreboard
CHALLENGE
Sign Up to Join the Scoreboard
Show All
Scores
Hide
Comments
May contain spoilers
Recently Published
1-10 Letter E Words III
by El_Dandy
Language
2m
Street Fighter Characters
by Artimus82
Gaming
60s
College Basketball Coaching Resumes
by pancakes188
Sports
9m
More to Explore
Quiz From the Vault
Featured Blog Post
Where Did the Easter Bunny Come From?
hide this ad
You Might Also Like...
Tags
Clickable Quiz
before
Penny
self
thought
Wreck
Today's Top Quizzes in Science
Browse Science
hide this ad
Today's Top Quizzes in Clickable
Browse Clickable
Top Contributed Quizzes in Science
1
Quick Pick: Radians
2
The First 100 Digits of Pi
3
Quick Pick: 'CI-CJ' Animals
4
Elements In Images
5
perfect squares 1-25
6
One Thing in Common: Science
7
One Thing in Common: Science II
8
One Thing in Common: Animals
9
One Thing in Common: Science III
10
Order Up: Organs and Body Systems
Explore More
Trending Topics
NBA
Anime
Marvel
Kpop
Disney
Harry Potter
Crossword
Soccer
Pokémon
Country
Song
NFL
The Office
WWE
Puzzle
hide this ad
More By:
MrEvangelista
Quiz
Plays
Rating
Category
Featured
Created
Digestive System
2,536
4.00
Science
Jan 24, 2018
Gas Laws Quiz
1,747
2.75
Science
Oct 2, 2018
Penny for your thoughts
792
4.50
Science
Jan 10, 2017
Biology Final Study Guide
789
Science
Dec 10, 2017
Medical Roots
765
2.00
Science
Feb 18, 2015
Go to Creator's Profile
Score Distribution
Quiz Creator Spotlight
MrEvangelista
Follow
Send a Message
Quizzes Created
-
Created Quiz Play Count
-
More By This Creator
Popular Quizzes Today
1
Find the US States - No Outlines Minefield
2
Find the Countries of Europe - No Outlines Minefield
3
The Countries of the World
4
Find the US States
5
Risky Map Clicking: Biggest States A-Z
6
US States
7
Popular People in 1961
8
Movies - When Are They Set?
More Science Quizzes
Animals With Superpowers
Editor's Pick
Trending Quizzes
Risky Map Clicking: Least Populous States A-Z
1-10 Letter G Words
1-10 Letter F Words
Countries of the World: 200 Million BC
Risky Map Clicking: Next State Alphabetically
Recently Updated
Beyoncé Albums
pecheneg
Leaping Animals
pecheneg
Reality TV Shows (A-Z)
bhenderson79
Rickey Henderson's Hall of Fame Teammates
pecheneg
Champions League XIs: Arsenal
pecheneg
Quick Pick: Celebrities in WWE's Hall of Fame
aduchscher
A-Z Keypad Blitz II
pecheneg
Multiple Oscar Actors
pecheneg
Mystery Phrase Blitz: Oscar 'Best Actors'
pecheneg
F. Scott Fitzgerald Novels
LTH
Trending Topics
Crossword
Disney
Harry Potter
NBA
Kpop
Marvel
Anime
WWE
Song
The Office
Country
Pokémon
Soccer
NFL
Puzzle
Your Account Isn't Verified!
In order to create a playlist on Sporcle, you need to verify the email address you used during registration. Go to your
Sporcle Settings
to finish the process.
Report this User
Report this user for behavior that violates our
Community Guidelines
.
Details:
Send Report
Go to the Sporcle.com Mobile Site →
Comments